Nerovnosť príjmového rozdelenia na Slovensku

Vývoj nerovnosti príjmového rozdelenia domácností a osôb v domácnostiach v rokoch 2005 až 2008. Analýza príjmového rozdelenia jednotlivých typov domácností s deťmi a bez detí. Ohrozenie týchto domácností rizikom chudoby a sociálneho vylúčenia.

Guardado en:
Detalles Bibliográficos
Autor principal: Ľapinová, Erika
Formato: Capítulo de libro
Lenguaje:eslovaco
Materias:
Etiquetas: Agregar Etiqueta
Sin Etiquetas, Sea el primero en etiquetar este registro!

MARC

LEADER 00000nla$a2200000$$$4500
001 0114745
005 20220317121232.3
041 0 |a slo 
044 |a SK 
245 1 0 |a Nerovnosť príjmového rozdelenia na Slovensku  |c Erika Ľapinová 
520 |a Vývoj nerovnosti príjmového rozdelenia domácností a osôb v domácnostiach v rokoch 2005 až 2008. Analýza príjmového rozdelenia jednotlivých typov domácností s deťmi a bez detí. Ohrozenie týchto domácností rizikom chudoby a sociálneho vylúčenia. 
610 2 0 |a príjmy 
610 2 0 |a domácnosti 
610 2 0 |a situácia finančná obyvateľstva 
610 2 0 |a príjmy rodinné 
610 2 0 |a podmienky životné 
610 2 0 |a chudoba 
610 2 0 |a vylúčenie sociálne 
100 1 |a Ľapinová, Erika